Comuni italiani con la Z - Statistics

Statistiche generali
  • Questo quiz è stato fatto 26 volte
  • Il punteggio medio è 10 su 49
Statistiche sulle risposte
Hint Risposta % Corretto
Modena Zocca
60%
Roma Zagarolo
44%
Catania Zafferana Etnea
36%
Bologna Zola Predosa
36%
Milano Zibido San Giacomo
32%
Verona Zevio
28%
Vicenza Zanè
24%
Vicenza Zermeghedo
24%
Trento Ziano di Fiemme
24%
Verona Zimella
24%
Genova Zoagli
24%
Vicenza Zovencedo
24%
Vicenza Zugliano
24%
Catanzaro Zagarise
20%
Vibo Valentia Zambrone
20%
Bergamo Zanica
20%
Foggia Zapponeta
20%
Pavia Zavattarello
20%
Lodi Zelo Buon Persico
20%
Treviso Zenson di Piave
20%
Pavia Zerbo
20%
Pavia Zerbolò
20%
Massa Carrara Zeri
20%
Treviso Zero Branco
20%
Piacenza Ziano Piacentino
20%
Bergamo Zogno
20%
Lecce Zollino
20%
Brescia Zone
20%
Belluno Zoppè di Cadore
20%
Vibo Valentia Zungri
20%
Bergamo Zandobbio
16%
Pavia Zeccone
16%
Pavia Zeme
16%
Pavia Zinasco
16%
Savona Zuccarello
16%
Avellino Zungoli
16%
Vibo Valentia Zaccanopoli
12%
Oristano Zeddiani
12%
Como Zelbio
12%
Pavia Zenevredo
12%
Piacenza Zerba
12%
Oristano Zerfaliu
12%
La Spezia Zignago
12%
Biella Zimone
12%
Pordenone Zoppola
12%
Biella Zubiena
12%
Udine Zuglio
12%
Biella Zumaglia
12%
Cosenza Zumpano
12%
Nessun quiz corrispondente trovato
Distribuzione punteggi
Percentuale di utenti per punteggio
Percentile per numero di risposta
I tuoi punteggi nel tempo
Non hai fatto questo quiz